Southville International School and Colleges
Your cart is empty.
  • Cart
  • Lists
    Public lists list_1 View all
    Your lists Log in to create your own lists
  • Log in to your account
  • Your cookies
  • Search history
Southville International School and Colleges
  • Advanced search
  • Recent comments
  • Most popular
  • Libraries

Log in to your account

Log in with GOOGLE


If you do not have an external account, but do have a local account, you can still log in:

  1. Home
  2. MARC view: HTML :
Normal view MARC view ISBD view

HTML : (Record no. 284370)

[ view plain ]
MARC details
000 -LEADER
fixed length control field 00566nam a22001697a 4500
003 - CONTROL NUMBER IDENTIFIER
control field PILC
005 - DATE AND TIME OF LATEST TRANSACTION
control field 20150526100924.0
008 - FIXED-LENGTH DATA ELEMENTS--GENERAL INFORMATION
fixed length control field 150526b xxu||||| |||| 00| 0 eng d
050 ## - LIBRARY OF CONGRESS CALL NUMBER
Classification number TK 5105.8885.D74
Item number .M183 2002
100 ## - MAIN ENTRY--PERSONAL NAME
Personal name Madrid, Evangeline W.
245 ## - TITLE STATEMENT
Title HTML :
Remainder of title designing a web page /
Statement of responsibility, etc Evangeline W. Madrid, Josephine Medina-Manalad.
260 ## - PUBLICATION, DISTRIBUTION, ETC. (IMPRINT)
Place of publication, distribution, etc Mandaluyong City :
Name of publisher, distributor, etc Hyperbit Computer System,
Date of publication, distribution, etc 2002.
300 ## - PHYSICAL DESCRIPTION
Extent 170 pages :
Other physical details illustrations ;
Dimensions 28 cm.
650 ## - SUBJECT ADDED ENTRY--TOPICAL TERM
Topical term or geographic name as entry element Web sites
General subdivision Design.
700 ## - ADDED ENTRY--PERSONAL NAME
Personal name Medina-Manalad, Josephine.
942 ## - ADDED ENTRY ELEMENTS (KOHA)
Source of classification or shelving scheme Library of Congress Classification
Koha item type Books
Call number prefix Filipininana
Holdings
Withdrawn status Lost status Source of classification or shelving scheme Damaged status Home library Current library Shelving location Date acquired Source of acquisition Total Checkouts Full call number Barcode Date last seen Price effective from Koha item type
    Library of Congress Classification   College Library College Library Filipiniana Section 05/26/2015 Library Fund   TK 5105.8885.D74 .M183 2002 C19392 05/08/2018 05/26/2015 Books

HTML :

APA

Madrid E. W., Medina-Manalad J., . (2002). HTML. Mandaluyong City: Hyperbit Computer System.

Chicago

Madrid Evangeline W, Medina-Manalad Josephine, . 2002. HTML. Mandaluyong City: Hyperbit Computer System.

Harvard

Madrid E. W., Medina-Manalad J., . (2002). HTML. Mandaluyong City: Hyperbit Computer System.

MLA

Madrid Evangeline W, Medina-Manalad Josephine, . HTML. Mandaluyong City: Hyperbit Computer System. 2002.

  • Place hold
  • Print
  • Cite
  • Add to your cart (remove)
  • Save record
    BIBTEX Dublin Core MARCXML MARC (non-Unicode/MARC-8) MARC (Unicode/UTF-8) MARC (Unicode/UTF-8, Standard) MODS (XML) RIS
  • More searches
    Search for this title in:
    Other Libraries (WorldCat) Other Databases (Google Scholar) Online Stores (Bookfinder.com) Open Library (openlibrary.org)

Exporting to Dublin Core...

SOUTHVILLE LIBRARY

Southville International School and Colleges Library

1281 Tropical Ave. Cor. Luxembourg St., BF Homes International, Las Pinas City

Tel. No. 8256374 / 252358 Loc. 117/146

Powered by Koha